000
00295nam a22001337a 4500
008
170712b xxu||||| |||| 00| 0 eng d
020
_a
0028648556
041
_a
eng
080
_a
05
100
_a
26
101
_a
ENC
245
_a
ENCYCLOPEDIA OF SOCIOLOGY
_c
BORGATTA.E.F
942
_2
udc
_c
BK
999
_c
20263
_d
20263